| 000 | 00618nam a2200205 a 4500 | ||
|---|---|---|---|
| 005 | 20231202063642.0 | ||
| 008 | 080929s1990 mx r 000 0 spa d | ||
| 020 | _a9231025643 | ||
| 035 | _aUPN01000161432 | ||
| 049 | _aUNE | ||
| 080 | _a37.001. 36 =20 COM. | ||
| 245 | 0 | 0 |
_aComparative education : _bcontemporary issues and trends / _cEdit. W. D. Halls. |
| 260 |
_aParis : _bUNESCO; _aGreat Britain : _bJessica Kingsley Publishers, _c1990. |
||
| 300 | _a352 p. | ||
| 440 | 0 | _aEducational sciences | |
| 690 |
_aEducación comparada _99140 |
||
| 700 | 1 | _aHalls, W.D., edit. | |
| 710 | 2 | _aUNESCO | |
| 905 | _aUNESCO | ||
| 999 |
_c133545 _d133545 |
||